|
|
|
|
| LEADER |
00000nam0a2200000 4500 |
| 001 |
311467 |
| 005 |
20231102002405.0 |
| 020 |
|
|
|a RU
|b 82-5427
|
| 035 |
|
|
|a (RuTPU)RU\TPU\book\336824
|
| 090 |
|
|
|a 311467
|
| 100 |
|
|
|a 20151208d1981 k y0rusy5003 ca
|
| 101 |
0 |
|
|a rus
|
| 102 |
|
|
|a BY
|
| 105 |
|
|
|a a z 001zy
|
| 200 |
1 |
|
|a Геология Белоруссии
|e [сборник статей]
|f Академия наук Белорусской ССР (АН БССР), Институт геохимии и геофизики ; под ред. Р. Г. Гарецкого
|
| 210 |
|
|
|a Минск
|c Наука и техника
|d 1981
|
| 215 |
|
|
|a 168 с.
|c ил.
|
| 320 |
|
|
|a Библиография в конце статей
|
| 606 |
1 |
|
|a Геология
|y Беларусь
|2 stltpush
|3 (RuTPU)RU\TPU\subj\72310
|9 85872
|
| 610 |
1 |
|
|a геохимическое изучение
|
| 610 |
1 |
|
|a геофизическое изучение
|
| 610 |
1 |
|
|a земная кора
|
| 610 |
1 |
|
|a строение
|
| 610 |
1 |
|
|a рациональное природопользование
|
| 610 |
1 |
|
|a месторождения полезных ископаемых
|
| 675 |
|
|
|a 55(476)
|v 3
|
| 702 |
|
1 |
|a Гарецкий
|b Р. Г.
|g Радим Гаврилович
|4 340
|
| 712 |
0 |
2 |
|a Академия наук Белорусской ССР (АН БССР)
|b Институт геохимии и геофизики
|2 stltpush
|3 (RuTPU)RU\TPU\col\11735
|
| 801 |
|
0 |
|a RU
|b RuMRKP
|c 19950704
|g psbo
|
| 801 |
|
1 |
|a RU
|b 63413507
|c 20151208
|
| 801 |
|
2 |
|a RU
|b 63413507
|c 20180921
|g RCR
|
| 942 |
|
|
|c BK
|